CARTE SEMIOTICHE, NUOVA SERIE N.02 (SETTEMBRE 1995) (Record n. 189087)

Dettagli MARC
000 -LEADER
fixed length control field 00821nas a2200241Ia 4500
001 - CONTROL NUMBER
control field R701/D3897
003 - CONTROL NUMBER IDENTIFIER
control field IT-RoPAU
008 - FIXED-LENGTH DATA ELEMENTS--GENERAL INFORMATION
fixed length control field 151124c99999999xx |||||||||||| ||und||
040 ## - CATALOGING SOURCE
Original cataloging agency IT-RoPAU
040 ## - CATALOGING SOURCE
Transcribing agency IT-RoPAU
041 ## - LANGUAGE CODE
Language code of text/sound track or separate title ITALIANO
100 ## - MAIN ENTRY--PERSONAL NAME
Personal name Cohen Alain J.-J.
Miscellaneous information Codice Aut. SPICS: 18643
210 ## - ABBREVIATED TITLE
Abbreviated title CARTE SEMIOTICHE
222 ## - KEY TITLE
Key title Carte Semiotiche
245 ## - TITLE STATEMENT
Title CARTE SEMIOTICHE, NUOVA SERIE N.02 (SETTEMBRE 1995)
Remainder of title Quid Pro Quo (Il) / Il Silenzio Degli Innocenti. Trasposizioni: Romanzo-Script-Film
250 ## - EDITION STATEMENT
Edition statement 1a ed.
260 ## - PUBLICATION, DISTRIBUTION, ETC. (IMPRINT)
Place of publication, distribution, etc. SIENA
Name of publisher, distributor, etc. PROTAGON EDITORI TOSCANI
Date of publication, distribution, etc. 1995
300 ## - PHYSICAL DESCRIPTION
Extent 10 p. [74-83]
362 ## - DATES OF PUBLICATION AND/OR SEQUENTIAL DESIGNATION
Dates of publication and/or sequential designation N.02 (SETTEMBRE 1995)
501 ## - WITH NOTE
-- Paulus - SPICS - Società San Paolo EM (non-commercial uses only)
-- Copyright2015
650 ## - SUBJECT ADDED ENTRY--TOPICAL TERM
Topical term or geographic name as entry element SEMIOTICA
Form subdivision PUBBLICAZIONE PERIODICA
942 ## - ADDED ENTRY ELEMENTS (KOHA)
Koha item type RIVISTA
Dati di copia
Withdrawn status Lost status Damaged status Not for loan Home library Current library Date acquired Total Checkouts Full call number Date last seen Price effective from Koha item type Public note
    Buone Condizioni Not For Loan SPICS-MEDIATECA SPICS-MEDIATECA 25/11/2015   R701/D3897 25/11/2015 25/11/2015 RIVISTA Progr. Ins: 87403 / Copia rara: NO / date import: 25.11.2015 / By Epidotti, Trombetti, Vaglietti
CREDITS: SOCIETA' SAN PAOLO Via A.Severo, 58 - ROMA (RM) & PERIODICI SAN PAOLO SRL Via Giotto, 36 MILANO & CISF Via Giotto, 36 MILANO & EDIZIONI SAN PAOLO SRL,  Piazza Soncino, 5 CINISELLO BALSAMO (MI) -- ITALY